| 000 -LEADER |
| fixed length control field |
00855cam a2200229 a 4500 |
| 001 - CONTROL NUMBER |
| control field |
(Sirsi) a800269 |
| 003 - CONTROL NUMBER IDENTIFIER |
| control field |
OSt |
| 005 - DATE AND TIME OF LATEST TRANSACTION |
| control field |
20191209161651.0 |
| 008 - FIXED-LENGTH DATA ELEMENTS--GENERAL INFORMATION |
| fixed length control field |
131007r20122011nyu e 000 1 eng d |
| 020 ## - INTERNATIONAL STANDARD BOOK NUMBER |
| International Standard Book Number |
9781476712048 (pbk.) |
| 040 ## - CATALOGING SOURCE |
| Original cataloging agency |
NjBwBT |
| Transcribing agency |
NjBwBT |
| Modifying agency |
TAE |
| 042 ## - AUTHENTICATION CODE |
| Authentication code |
nbic |
| 082 ## - DEWEY DECIMAL CLASSIFICATION NUMBER |
| Classification number |
FIC MCG |
| 100 1# - MAIN ENTRY--PERSONAL NAME |
| Personal name |
McGuire, Jamie. |
| Relator term |
author |
| 245 10 - TITLE STATEMENT |
| Title |
Beautiful disaster : |
| Remainder of title |
a novel / |
| Statement of responsibility, etc. |
Jamie McGuire. |
| 260 ## - PUBLICATION, DISTRIBUTION, ETC. |
| Place of publication, distribution, etc. |
New York : |
| Name of publisher, distributor, etc. |
Atria Books, |
| Date of publication, distribution, etc. |
[2012] |
| 300 ## - PHYSICAL DESCRIPTION |
| Extent |
418 p. ; |
| Dimensions |
24 cm. |
| 500 ## - GENERAL NOTE |
| General note |
Originally published: New York : Atria Paperback, c2011. |
| 520 ## - SUMMARY, ETC. |
| Summary, etc. |
Travis Maddox, Eastern University's playboy, makes a bet with good girl Abby that if he loses, he will remain abstinent for a month, but if he wins, Abby must live in his apartment for the same amount of time. |
| 650 #0 - SUBJECT ADDED ENTRY--TOPICAL TERM |
| Topical term or geographic name entry element |
Man-woman relationships |
| Form subdivision |
Fiction. |
| 942 ## - ADDED ENTRY ELEMENTS (KOHA) |
| Source of classification or shelving scheme |
|
| Koha item type |
Books - Fiction |